Up-to-date World's transistor-diodes thyristors & IC's comparison Tables A............Z : Vol-1 (Record no. 61292)
[ view plain ]
| 000 -LEADER | |
|---|---|
| fixed length control field | 00730nam a22001937a 4500 |
| 003 - CONTROL NUMBER IDENTIFIER | |
| control field | NUST-PNEC |
| 005 - DATE AND TIME OF LATEST TRANSACTION | |
| control field | 20170116180719.0 |
| 008 - FIXED-LENGTH DATA ELEMENTS--GENERAL INFORMATION | |
| fixed length control field | 141023b xxu||||| |||| 00| 0 eng d |
| 020 ## - INTERNATIONAL STANDARD BOOK NUMBER | |
| International Standard Book Number | 8176563331 |
| 040 ## - CATALOGING SOURCE | |
| Transcribing agency | PNEC |
| 082 ## - DEWEY DECIMAL CLASSIFICATION NUMBER | |
| Classification number | 621.3815'287 JAN |
| 100 ## - MAIN ENTRY--PERSONAL NAME | |
| 9 (RLIN) | 791 |
| Personal name | Jain, Manish |
| 245 ## - TITLE STATEMENT | |
| Title | Up-to-date World's transistor-diodes thyristors & IC's comparison Tables A............Z : Vol-1 |
| Statement of responsibility, etc. | Manish Jain |
| 260 ## - PUBLICATION, DISTRIBUTION, ETC. | |
| Place of publication, distribution, etc. | New Delhi |
| Name of publisher, distributor, etc. | BPB Publications |
| Date of publication, distribution, etc. | 2004 |
| 300 ## - PHYSICAL DESCRIPTION | |
| Extent | 1146 p. : |
| Other physical details | ill. ; |
| Dimensions | 22 cm. |
| 500 ## - GENERAL NOTE | |
| General note | http://www.amazon.com/Date-Worlds-Transistor-diodes-Comparison-Tables/dp/8176563331/ref=sr_1_1?s=books&ie=UTF8&qid=1414065209&sr=1-1&keywords=UP-TO-DATE+WORLD%27S+TRANSISTOR+DIODES |
| 650 ## - SUBJECT ADDED ENTRY--TOPICAL TERM | |
| General subdivision | EE |
| 942 ## - ADDED ENTRY ELEMENTS (KOHA) | |
| Source of classification or shelving scheme | |
| Koha item type | Book |
| Withdrawn status | Lost status | Source of classification or shelving scheme | Damaged status | Not for loan | Permanent Location | Current Location | Shelving location | Date acquired | Source of acquisition | Cost, normal purchase price | Total Checkouts | Full call number | Barcode | Date last seen | Cost, replacement price | Price effective from | Koha item type |
|---|---|---|---|---|---|---|---|---|---|---|---|---|---|---|---|---|---|
| Pakistan Navy Engineering College (PNEC) | Pakistan Navy Engineering College (PNEC) | Reference | 04/04/2005 | Vanguard Books | 424.00 | 621.3815'287 JAN | PNECLIB-027352 | 10/23/2014 | 424.00 | 04/04/2005 | Book |
